| 000 | 00411cam a2200169ua 4500 | ||
|---|---|---|---|
| 020 | _c495.00 | ||
| 041 |
_aeng _h |
||
| 082 |
_a540.0162 _bMAL/EN |
||
| 100 | _amallick, Abhijit . | ||
| 245 |
_aEngineering chemistry / _cAbhijt Mallick. _hTextual Documents |
||
| 260 |
_aNew Delhi : _bViva Books , _c2008. |
||
| 300 | _a ; . | ||
| 365 | _a495.00 | ||
| 504 | _a | ||
| 942 | _cBK | ||
| 999 |
_c13511 _d13511 |
||